000 00555nam a2200205 i 4500
001 142023
003 ES-MaACL
005 20230906200427.0
007 t|
008 071002s1971 sp ||||1| spa d
080 _a871-131"-00"
100 1 _aVirgilio MarĂ³n, Publio.
_9115452
245 1 3 _aLa Eneida /
_cVirgilio.
260 _aBarcelona :
_bVosgos,
_c1971.
300 _a110 p. ;
_c19 cm.
490 1 _aCompendios Vosgos ;
_v1
830 0 _aCompendios Vosgos ;
_v1
_9183669
852 _aES-MaACL
_jC-49121
_bR.83105
999 _c142023
_d142023